| 000 | 00809nam a2200205 i 4500 | ||
|---|---|---|---|
| 001 | 68682 | ||
| 003 | ES-MaACL | ||
| 005 | 20251120063132.0 | ||
| 007 | t| | ||
| 008 | 960827s1900 sp a ||||1| spa d | ||
| 040 |
_aCAM _bspa _cCAM |
||
| 100 | 1 |
_aGestoso y Pérez, José, _d1852-1917 _956532 |
|
| 245 | 1 | 0 |
_aGuía artística de Sevilla _b: historia y descripción de sus monumentos religiosos y civiles y noticia de las preciosidades artístico-arqueológicas que en ellos se conservan / _cpor José Gestoso y Perez. |
| 250 | _a4ª ed. ilustrada con fotograbados. | ||
| 260 |
_aSevilla : _b[s.n.], _c1900 ( _fOficina de La Andalucía Moderna) |
||
| 300 |
_a327, 6 p. : _bil. ; _c15 cm. |
||
| 651 | 4 |
_aSevilla- _vGuías turísticas. _99386 |
|
| 852 |
_aES-MaACL _jD-3322 |
||
| 999 |
_c68682 _d68682 |
||